Основы научного управления социалистической экономикой: учебно-методическое пособие

Dades bibliogràfiques
Autor corporatiu: Академия общественных наук при ЦК КПСС
Altres autors: Белов В. Г. (редактор)
Sumari:Исключено из фонда НТБ ТПУ
Idioma:rus
Publicat: Москва, Мысль, 1988
Edició:2-е изд., перераб. и доп.
Format: MixedMaterials Llibre
KOHA link:https://koha.lib.tpu.ru/cgi-bin/koha/opac-detail.pl?biblionumber=262241

MARC

LEADER 00000nam0a2200000 4500
001 262241
005 20231101233632.0
010 |a 5244001299 
035 |a (RuTPU)RU\TPU\book\285223 
090 |a 262241 
100 |a 20140530d1988 m y0rusy50 ca 
101 0 |a rus 
102 |a RU 
105 |a a j 001zy 
200 1 |a Основы научного управления социалистической экономикой  |e учебно-методическое пособие  |f Академия общественных наук при ЦК КПСС ; под ред. В. Г. Белова 
205 |a 2-е изд., перераб. и доп. 
210 |a Москва  |c Мысль  |d 1988 
215 |a 271 с.  |c ил. 
333 |a Исключено из фонда НТБ ТПУ 
702 1 |a Белов  |b В. Г.  |4 340 
712 0 2 |a Академия общественных наук при ЦК КПСС  |9 25033 
801 1 |a RU  |b 63413507  |c 20140530 
801 2 |a RU  |b 63413507  |c 20220314  |g RCR 
942 |c BK